UM Logo
Normal view MARC view
  • Killip, Rowan.

Entry Personal Name

Number of records used in: 1

001 - CONTROL NUMBER

  • control field: 47707

003 - CONTROL NUMBER IDENTIFIER

  • control field: OSt

005 - DATE AND TIME OF LATEST TRANSACTION

  • control field: 20230203112628.0

008 - FIXED-LENGTH DATA ELEMENTS

  • fixed length control field: 230203|| aca||aabn | a|a d

040 ## - CATALOGING SOURCE

  • Original cataloging agency: OSt
  • Transcribing agency: OSt

100 ## - HEADING--PERSONAL NAME

  • Personal name: Killip, Rowan.
  • Relator term: author.

670 ## - SOURCE DATA FOUND

  • Source citation: Work cat.: (OSt): Killip, Rowan. author., Finite-dimensional approximation and non-squeezing for the cubic nonlinear schrödinger equation on R² /, April 2021.